Obálka Náhled e-knihy:
Epub
Pro půjčování e-knih musíte být přihlášeni.
Jak si půjčit online?

Osudy dobrého vojáka Švejka za světové války /

Osudy dobrého vojáka Švejka za světové války je čtyřdílný protiválečný humoristický román českého spisovatele Jaroslava Haška, několikrát zfilmovaný i zdramatizovaný.

Uloženo v:
Hlavní autor: Hašek, Jaroslav (Autor)
Médium: E-kniha
Jazyk:Czech
Vydáno: Praha : Artis, 2021
Tagy:
Žádné tagy
LEADER 01116nam a22002297i 4500
001 311427
007 ta
008 260601s2021 xr ||||| |||| 00| 0 cze d
020 |a 9990003364012 
044 |a xr 
100 1 |a  Hašek, Jaroslav  |4 aut 
245 1 0 |a Osudy dobrého vojáka Švejka za světové války /  |c  Hašek, Jaroslav 
264 1 |a Praha :  |b Artis,  |c 2021 
300 |a 1 online zdroj (589 stran) 
336 |a text  |b txt  |2 rdacontent 
337 |a bez média  |b n  |2 rdamedia 
338 |a online zdroj  |b cr  |2 rdacarrier 
520 2 |a Osudy dobrého vojáka Švejka za světové války je čtyřdílný protiválečný humoristický román českého spisovatele Jaroslava Haška, několikrát zfilmovaný i zdramatizovaný. 
910 |a RBIT002 
998 |d 336401  |a https://core.palmknihy.cz/api/books/336401/cover?r06ifi  |b https://core.palmknihy.cz/api/books/336401/cover/400?r06ifi  |c https://core.palmknihy.cz/api/books/336401/cover/50?r06ifi  |e 2099-12-01  |g 589  |i 9990003364012  |j https://core.palmknihy.cz/api/books/336401/preview.epub  |l   |q 49  |r 1  |s https://www.palmknihy.cz/kniha/336401  |t ebook  |y 2021  |z 1 
999 |d 311425